00305nam a2200109Ia 4500008004100000082000800041100001600049245001000065942000600075952009900081999001500180240331s9999 xx 000 0 und d bABU aAbulkalam,A 0aGaana cL 001040708LaWERCLbWERCLcSSCd2024-03-31l0o 891.811 ABUp6094r2024-03-31w2024-03-31yL c4653d4653